| 000 | 00771nam a2200289Ia 4500 | ||
|---|---|---|---|
| 001 | 3741 | ||
| 003 | IT-RoPAU | ||
| 008 | 130308s9999 xx 000 0 und d | ||
| 040 | _aIT-RoPAU | ||
| 040 | _cIT-RoPAU | ||
| 041 | _aITALIANO | ||
| 100 | _aRiegl Alois | ||
| 100 | _gCodice Aut. SPICS: 2045 | ||
| 245 | _aChiesa del Gesù (La) | ||
| 245 | _bCritica d'arte della Pura Visibilita' e del formalismo (La) | ||
| 250 | _a1a ed. | ||
| 260 | _aMILANO | ||
| 260 | _bGarzanti | ||
| 260 | _c1977 [1° Ed.:1977 - Ed.Ling.Originale:1908] | ||
| 300 | _a"6 p. (prefazione: no ; testo: 6 [pagine: 176-181])" | ||
| 650 | _aTEORIA/LINGUAGGI DI ICONOLOGIA | ||
| 650 | _eCodice materia Spics: 5153 | ||
| 942 | _cBK | ||
| 957 | _71 | ||
| 999 |
_c47595 _d47595 |
||
| 999 | _bSI | ||
| 999 | _g1 | ||